| 000 | 00815cam a22002532 4500 | ||
|---|---|---|---|
| 001 | 25060 | ||
| 003 | BD-RjUL | ||
| 005 | 20211209050826.0 | ||
| 008 | 140316s1947 nju 001 0 eng d | ||
| 035 | _a(BD-RjUL)25129 | ||
| 040 |
_aDLC _cCarP _dDLC _dBD-RjUL _beng |
||
| 041 | _aeng | ||
| 082 | 0 | 0 |
_a944.04 _bLEC 1947 |
| 100 | 1 |
_aLefebvre, Georges, _d1874-1959. _976993 |
|
| 245 | 1 | 4 |
_aThe coming of the French Revolution, 1789 / _cTr. by R.R. Palmer. |
| 260 |
_aPrinceton : _bPrinceton Univ. Press, _c1947. [Printing 1954] |
||
| 300 |
_axx, 191 p. ; _c21 cm. |
||
| 504 | _aIncludes Index | ||
| 651 | 0 |
_aFrance _xHistory _yRevolution, 1789-1799 _xCauses. _976829 |
|
| 700 | 1 |
_aPalmer, R. R. _q(Robert Roswell), _d1909-2002, _etr. _977083 |
|
| 942 |
_2ddc _cBK |
||
| 999 |
_c25060 _d25060 |
||